LEADER 01920nam a2200337 i 4500 001 000000058580 003 CaOOAMICUS 005 20250313143644.0 008 130515s1778 it u000 u lat u 013 $a29752 026 $aino- i.ie inue quop (3) 1779 (R) 040 $aSeMil$bita 110 2 $aDiocesi di Novara.$0(OLS)http://semarc/name/2455 240 10$aSynodus Novariensis.$0(OLS)http://semarc/title/91347 245 10$aSynodus Dioecesana Novariensis ab Excell.mo et Rev.mo D. D. Marco Aurelio Balbis Bertone, habita diebus 1. 2. & 3. Julii anno 1778. Novariae :$bE Praelis Francisci Cavalli Bibliopolae, & Typographi Episcopalis, 1778. 260 $aNovariae :$bE praelis Francisci Cavalli bibliopolae, & typographi episcopalis,$c1778. 300 $a[8] c., p. 9-385 [i.e. 387], [1] p. ;$c4º. 500 $aFront. stampato in rosso e nero 500 $aStemma xilogr. di M. A. Balbis Bertone sul front. 500 $aFregi xilogr. 500 $aSegn.: A8 B-C2 D10 E-O8 P4 Q-2A8 2B-2F4 (Errori nella segnatura) 500 $aP. 17-18 ripetute nella numerazione 650 4$aSinodi diocesani - Novara.$0(OLS)http://semarc/subject/7156 650 4$aSinodi diocesani - Sec. 18.$0(OLS)http://semarc/subject/2123 700 1 $aBalbis Bertone, Marco Aurelio.$0(OLS)http://semarc/name/29877 700 1 $aCavalli, Francesco,$c.$0(OLS)http://semarc/name/3125 850 $aSeMil 852 $aSeMil$W1$xVenegono$y1$m2J V 1 FA$j24733$B24733$CSeMilBibl$Z2$F24736 $8I 996 $6245$aSynodus Dioecesana Novariensis ab Excell.mo et Rev.mo D. D. Marco Aurelio Balbis Bertone, habita diebus 1. 2. & 3. Julii anno 1778. Novariae :$bE Praelis Francisci Cavalli Bibliopolae, & Typographi Episcopalis, 1778$9(OLS)http://semarc/title/91346 996 $6260$aNovariae :$bE praelis Francisci Cavalli bibliopolae, & typographi episcopalis$9(OLS)http://semarc/publisher/41951 LEADER 01405nam a2200289 i 4500 001 000000069056 003 CaOOAMICUS 005 20220201143426.0 008 130502s1736 it u000 u lat u 013 $a40228 026 $aamam S.or n-re liId (3) 1736 (R) 040 $aSeMil$bita 100 1 $aWolff, Christian,$d<1679-1754>.$0(OLS)http://semarc/name/6218 245 10$aPhilosophia prima sive Ontologia methodo scientifica pertractata, qua omnis cognitionis humanae principia continentur. Auctore Christiano Wolfio, .. 250 $aEditio tertia latina emendatior 260 $aVeronae :$bTypis Dionysii Ramanzini bibliopolae apud S. Thomam,$c1736. 300 $a[16], 424 p. :$bill. ;$c4°. 500 $aVignetta calcogr. (Arena di Verona) sottoscritta GB., sul front. 500 $aSegn.: *4 §4 A-3G4 700 1 $aRamanzini, Dionisio,$c.$0(OLS)http://semarc/name/3048 850 $aSeMil 852 $aSeMil$W1$xVenegono$y1$m2O V 14 FA$j35209$B35209$CSeMilBibl$Z2$F35212 $8I 941 1 $a10 961 $aRecupero: Mantegazza 996 $6245$aPhilosophia prima sive Ontologia methodo scientifica pertractata, qua omnis cognitionis humanae principia continentur. Auctore Christiano Wolfio, ..$9(OLS)http://semarc/title/110511 996 $6260$aVeronae :$bTypis Dionysii Ramanzini bibliopolae apud S. Thomam$9(OLS)http://semarc/publisher/37767